Normal view
MARC view
- Supervisor:Dr.Munir Ahmad Tarar
Entry Personal Name
001 - CONTROL NUMBER
- control field: 91879
003 - CONTROL NUMBER IDENTIFIER
- control field: NUST
005 - DATE AND TIME OF LATEST TRANSACTION
- control field: 20220527101657.0
008 - FIXED-LENGTH DATA ELEMENTS
- fixed length control field: 220527|| aca||aabn | a|a d
040 ## - CATALOGING SOURCE
- Original cataloging agency: NUST
- Transcribing agency: NUST
100 ## - HEADING--PERSONAL NAME
- Personal name: Supervisor:Dr.Munir Ahmad Tarar
670 ## - SOURCE DATA FOUND
- Source citation: Work cat.: (NUST): Faqeed Haider Ali, Mohammad Irteza Rana,Arooj Lodhi 91878, Two-Way GSM Transceiver, 2012
